Missing Word: Top Grossing Movies (2010) Quiz Stats

 Plays Quiz Updated Jan 16, 2015

Challenge
Share
Tweet
Embed
Score 0/20 Timer 02:00
4 Plays Today
Movie Missing Word % Correct
___ Story 3Toy
99.8%
Alice in __________Wonderland
98.8%
How to Train Your ______Dragon
93.5%
The Chronicles of ______: The Voyage of the Dawn TreaderNarnia
91.2%
Harry Potter and the Deathly _______ Part 1Hallows
90.4%
Robin ____Hood
90.4%
_____ SwanBlack
88.2%
The _____'_ SpeechKing's
88.1%
____ Man 2Iron
87.3%
_____ of the TitansClash
75.8%
Movie Missing Word % Correct
The _____ AirbenderLast
74.6%
The ______ KidKarate
74.6%
__________ MeDespicable
71.7%
Prince of ______: The Sands of TimePersia
61%
Shrek _______ AfterForever
60.5%
______ FockersLittle
57.9%
TRON: ______Legacy
52.7%
The Twilight Saga: _______Eclipse
46.7%
_______ IslandShutter
44.9%
Resident Evil: _________Afterlife
7.4%

Today's Daily Dose

Missing Word
Entertainment 'M'

Word Ladder
North Carolina

On This Day
January 16th II

You're not logged in!

Compare scores with friends on all Sporcle quizzes.
OR
Log In

You Might Also Like...

Show Comments

Extras

Top Quizzes Today


Score Distribution

Your Account Isn't Verified!

In order to create a playlist on Sporcle, you need to verify the email address you used during registration. Go to your Sporcle Settings to finish the process.

Report this User

Report this user for behavior that violates our Community Guidelines.

Details: